[Event "Kezmarok op"]
[Site "Kezmarok"]
[Date "2022.09.25"]
[Round "2"]
[White "Belus, Benjamin"]
[Black "Velychko, Sofiya"]
[Result "1-0"]
[WhiteElo "1932"]
[BlackElo "1371"]
[PlyCount "77"]
[EventDate "2022.09.24"]
[EventType "swiss"]
[EventRounds "9"]
[EventCountry "SVK"]
[SourceTitle "CBM 210 Extra"]
[Source "ChessBase"]
[SourceDate "2022.11.30"]
[SourceVersion "1"]
[SourceVersionDate "2022.11.30"]
[SourceQuality "1"]

1. c4 e5 2. g3 Nf6 3. Bg2 Nc6 4. Nc3 Bc5 5. e3 0-0 6. Nge2 Re8 7. 0-0 d6 8. d4 exd4 9. exd4 Bb6 10. Bg5 h6 11. Bxf6 Qxf6 12. Nd5 Qd8 13. b4 a5 14. Nxb6 cxb6 15. b5 Ne7 16. Nf4 Rb8 17. Re1 Bf5 18. Rc1 Qd7 19. a4 Ng6 20. Nd5 Rxe1+ 21. Qxe1 Re8 22. Qd2 Qd8 23. Re1 Ne7 24. Qe3 Kf8 25. Nc3 Qc8 26. Bd5 Bd7 27. Qf4 Nxd5 28. Rxe8+ Qxe8 29. Nxd5 Qe6 30. Nxb6 Qe1+ 31. Kg2 Bh3+ 32. Kxh3 Qf1+ 33. Kg4 Qe2+ 34. f3 Qe6+ 35. Qf5 h5+ 36. Kf4 Qh6+ 37. Qg5 Qe6 38. Qd8+ Qe8 39. Nd7+ 1-0

[Event "Kiev Spring op"]
[Site "Kiev"]
[Date "2021.07.15"]
[Round "7"]
[White "Korenchenko, Semen"]
[Black "Velychko, Sofiya"]
[Result "1-0"]
[WhiteElo "1516"]
[BlackElo "1178"]
[PlyCount "105"]
[EventDate "2021.07.10"]
[EventType "swiss"]
[EventRounds "9"]
[EventCountry "UKR"]
[SourceTitle "EXT 2024"]
[Source "ChessBase"]
[SourceDate "2023.10.10"]
[SourceVersion "1"]
[SourceVersionDate "2023.10.10"]
[SourceQuality "1"]

1. d4 Nf6 2. c4 g6 3. Nf3 Bg7 4. g3 0-0 5. Bg2 c6 6. Nc3 d5 7. 0-0 dxc4 8. Ne5 Nbd7 9. Nxc4 Nb6 10. Ne5 Be6 11. e4 Nc4 12. Nxc4 Bxc4 13. Re1 Qb6 14. Na4 Qa6 15. Nc5 Qb6 16. e5 Nd5 17. Nd7 Qa6 18. Nxf8 Rxf8 19. b3 Bd3 20. Bxd5 cxd5 21. Bg5 f6 22. exf6 exf6 23. Bf4 f5 24. Be3 f4 25. gxf4 Be4 26. f3 Bf5 27. Qd2 Bh3 28. Rac1 g5 29. fxg5 Rxf3 30. Qe2 Rf1+ 31. Qxf1 Bxf1 32. Rxf1 Qe6 33. Rf3 Qg4+ 34. Rg3 Qe4 35. Rd1 Qc2 36. Rd2 Qb1+ 37. Kg2 Bf8 38. Rf3 Bd6 39. Bf4 Bxf4 40. Rxf4 Kg7 41. Rdf2 Qg6 42. Rf7+ Qxf7 43. Rxf7+ Kxf7 44. Kf3 Ke6 45. Kf4 b6 46. a4 a6 47. b4 b5 48. axb5 axb5 49. h4 Kf7 50. Kf5 Ke7 51. h5 Kf7 52. Ke5 Kg7 53. Kxd5 1-0

[Event "Eljanov Memorial 6th"]
[Site "Chess.com INT"]
[Date "2020.10.29"]
[Round "1"]
[White "Katashuk, V."]
[Black "Velychko, Sofiya"]
[Result "1-0"]
[WhiteElo "2179"]
[BlackElo "1152"]
[PlyCount "75"]
[EventDate "2020.10.29"]
[EventType "swiss (blitz)"]
[EventRounds "9"]
[EventCountry "UKR"]
[SourceTitle "CBM 199 Extra"]
[Source "ChessBase"]
[SourceDate "2021.01.31"]
[SourceVersion "1"]
[SourceVersionDate "2021.01.31"]
[SourceQuality "1"]

1. g3 Nf6 2. Bg2 g6 3. b3 Bg7 4. Bb2 0-0 5. d3 Nc6 6. Nd2 d5 7. e3 Bd7 8. h3 e5 9. Ngf3 Qe7 10. 0-0 e4 11. dxe4 dxe4 12. Ng5 Bf5 13. g4 h6 14. gxf5 hxg5 15. fxg6 fxg6 16. Qe2 Rad8 17. Qc4+ Kh8 18. Rad1 Ne5 19. Qc3 Nh5 20. Qa5 a6 21. Bxe5 Bxe5 22. Nxe4 Rxd1 23. Rxd1 Rd8 24. Rxd8+ Qxd8 25. Qd2 Qe7 26. Qd5 Kh7 27. Nc5 Bd6 28. Ne6 c6 29. Nxg5+ Kg7 30. Qd4+ Kg8 31. Qc4+ Kg7 32. Ne6+ Kh7 33. Be4 Kg8 34. Kf1 Kh7 35. f4 Kg8 36. Ng5+ Kg7 37. Qd3 Kf6 38. Bxg6 1-0